Géographie des épidémies de fièvre jaune moyens de s'en garantir (Record no. 152564)

MARC details
000 -LEADER
campo de control de longitud fija 00809nam a22001935i 4500
001 - NÚMERO DE CONTROL
campo de control 152564
003 - IDENTIFICADOR DE NÚMERO DE CONTROL
campo de control ES-MaACL
005 - FECHA Y HORA DE LA ÚLTIMA TRANSACCIÓN
campo de control 20230906204809.0
008 - DATOS DE LONGITUD FIJA--INFORMACIÓN GENERAL
campo de control de longitud fija 990408s1883 fr f |||| | fre d
040 ## - FUENTE DE CATALOGACIÓN
Centro catalogador/agencia de origen CCPB | B
Lengua de catalogación spa
Centro/agencia transcriptor CCPB | B
100 0# - ENTRADA PRINCIPAL--NOMBRE DE PERSONA
Nombre de persona Bourru, Henri.
9 (RLIN) 31026
245 10 - MENCIÓN DEL TÍTULO
Título Géographie des épidémies de fièvre jaune moyens de s'en garantir
Resto del título : communication faite au Congrés des societés françaises de géographie tenu á Bourdeaux le 4 septembre 1882 /
Mención de responsabilidad, etc. par Henri Bourru.
260 ## - PUBLICACIÓN, DISTRIBUCIÓN, ETC.
Lugar de publicación, distribución, etc. Bordeaux :
Nombre del editor, distribuidor, etc. [s.n.],
Fecha de publicación, distribución, etc. 1883 (
Fabricante Imprimerie G. Gounouilhou)
300 ## - DESCRIPCIÓN FÍSICA
Extensión [4], 14 p., [1] h. de lám. ;
Dimensiones 24 cm.
599 #1 - NOTA A LAS ILUSTRACIONES
NOTA A LAS ILUSTRACIONES La h. de lám. es un mapa.
650 #4 - PUNTO DE ACCESO ADICIONAL DE MATERIA--TÉRMINO DE MATERIA
Término de materia o nombre geográfico como elemento de entrada Epidemias.
9 (RLIN) 135999
650 04 - PUNTO DE ACCESO ADICIONAL DE MATERIA--TÉRMINO DE MATERIA
Término de materia o nombre geográfico como elemento de entrada Fiebre amarilla.
9 (RLIN) 12774
852 ## - LOCALIZACIÓN
Ubicación ES-MaACL
Número de control de estantería T-468-F-16
Nota libre -- Enc. hol.
-- -- Enc. en un vol. facticio
Holdings
Estatus retirado Estado de pérdida Estado de daño No para préstamo Colección Biblioteca de origen Biblioteca actual Ubicación en estantería Fecha de adquisición Total de préstamos Signatura topográfica completa Código de barras Visto por última vez Precio de reemplazo Tipo de ítem Koha
        Colección de folletos Biblioteca del Ateneo de Madrid Biblioteca del Ateneo de Madrid Depósito folletos 17/01/2008   T-468-F-16 1159317 23/02/2023 23/02/2023 Folleto